No aging in India : (Record no. 123740)

MARC details
000 -LEADER
fixed length control field 00764nam a22002297a 4500
005 - DATE AND TIME OF LATEST TRANSACTION
control field 20170124105929.0
010 ## - LIBRARY OF CONGRESS CONTROL NUMBER
LC control number B-011613
020 ## - INTERNATIONAL STANDARD BOOK NUMBER
Terms of availability 00.00
International Standard Book Number 0195648951
035 ## - SYSTEM CONTROL NUMBER
System control number B-011613
037 ## - SOURCE OF ACQUISITION
Source of stock number/acquisition Cen Lib/Ret
040 ## - CATALOGING SOURCE
Original cataloging agency DPL
Language of cataloging EN
082 ## - DEWEY DECIMAL CLASSIFICATION NUMBER
Classification number 305.26
Item number COH
100 ## - MAIN ENTRY--PERSONAL NAME
Personal name Cohen, Lawrence
9 (RLIN) 7885
245 ## - TITLE STATEMENT
Title No aging in India :
Statement of responsibility, etc by Lawrence Cohen
Remainder of title Modernity senility and the family /
260 ## - PUBLICATION, DISTRIBUTION, ETC. (IMPRINT)
Place of publication, distribution, etc New Delhi
Name of publisher, distributor, etc Oxford University Press
Date of publication, distribution, etc 1992
270 ## - ADDRESS
Address YMCA Library Building Jai Singh Road
City New Delhi
Postal code 110092
300 ## - PHYSICAL DESCRIPTION
Extent xxiv,367p.
Dimensions 20cm(Hb)
500 ## - GENERAL NOTE
General note Includes bibliographical reference and index
650 ## - SUBJECT ADDED ENTRY--TOPICAL TERM
Topical term or geographic name as entry element Aging--Anthropological aspects
9 (RLIN) 7886
650 ## - SUBJECT ADDED ENTRY--TOPICAL TERM
Topical term or geographic name as entry element Manners and customs
9 (RLIN) 107957
942 ## - ADDED ENTRY ELEMENTS (KOHA)
Source of classification or shelving scheme Dewey Decimal Classification
Koha item type English Books
Classification part 305.26
Call number suffix COH
Holdings
Withdrawn status Lost status Damaged status Not for loan Home library Current library Date acquired Source of acquisition Cost, normal purchase price Total Checkouts Full call number Barcode Date last seen Copy number Cost, replacement price Price effective from Koha item type Public note
Written off       Central Library Central Library 11/06/2015 Cen Lib/Ret 0.00   305.26 COH B-011613 11/06/2015 1 0.00 11/06/2015 English Books W/d list no. 6839/25

© Delhi Public Library
Hit Counter
free hit counter